000 00474nam a22001817a 4500
003 CEME
005 20210628202200.0
008 210226b xxu||||| |||| 00| 0 eng d
020 _a0-07-113811-0
040 _c.
082 _a621.3845 LOG
100 _aLogsdon, Tom
_958626
245 _aMobile communication satellites
260 _aNEW YORK
_bMCGRAW HILL
_c1995
300 _aXI,277P
650 _aARTIFICAL SATELLITES IN TELECOMMUNICATION
_958627
942 _cBK
_2ddc
999 _c568783
_d568783